ग्रंथालय आणि माहितीशास्त्र : ग्रंथालय सेवा आणि प्रणाली (Record no. 1221762)

MARC details
000 -LEADER
fixed length control field 00678nam a2200193Ia 4500
008 - FIXED-LENGTH DATA ELEMENTS--GENERAL INFORMATION
fixed length control field 260520s2025 xx 000 0 und d
020 ## - INTERNATIONAL STANDARD BOOK NUMBER
International Standard Book Number 978-93-95596-43-5
041 ## - LANGUAGE CODE
Language code of text/sound track or separate title mar
082 ## - DEWEY DECIMAL CLASSIFICATION NUMBER
Classification number 020/PAT
100 ## - MAIN ENTRY--PERSONAL NAME
Personal name पाटील, प्र तु
245 ## - TITLE STATEMENT
Title ग्रंथालय आणि माहितीशास्त्र : ग्रंथालय सेवा आणि प्रणाली
250 ## - EDITION STATEMENT
Edition statement 1st ed
260 ## - PUBLICATION, DISTRIBUTION, ETC.
Place of publication, distribution, etc. जळगाव
Name of publisher, distributor, etc. प्राईम पब्लिशिंग हाऊस
Date of publication, distribution, etc. 2025
300 ## - PHYSICAL DESCRIPTION
Extent 334p.
440 ## - SERIES STATEMENT/ADDED ENTRY--TITLE
Volume/sequential designation 4 Vol
500 ## - GENERAL NOTE
General note Cat No: 14956
650 ## - SUBJECT ADDED ENTRY--TOPICAL TERM
Topical term or geographic name entry element LIBRARY SICENCE
700 ## - ADDED ENTRY--PERSONAL NAME
Personal name सोनवणे, क शा
Holdings
Withdrawn status Lost status Damaged status Not for loan Collection Home library Current library Shelving location Date acquired Source of acquisition Cost, normal purchase price Total Checkouts Full call number Barcode Date last seen Price effective from Koha item type Public note
          Dr.Patangrao Kadam Mahavidyalaya, Sangli Dr.Patangrao Kadam Mahavidyalaya, Sangli   06/04/2026 Bharati Madhyavarti Sahakari Grahak Bhandar, Pune (Best Book Supplier, Kolhapur) 495.00   020/PAT PKS-25134 20/05/2026 20/05/2026 Book General book section